| 000 | 00628nam a22002177a 4500 | ||
|---|---|---|---|
| 003 | OSt | ||
| 005 | 20140310182833.0 | ||
| 008 | 130604t xxu||||| |||| 00| 0 eng d | ||
| 020 | _a0201173743 | ||
| 050 |
_aQC 23.2 _b.Y68 1996 |
||
| 082 |
_29th ed. _aM 530 _bY8 1996 |
||
| 245 |
_aUniversity physics with modern physics _cYoung, Hugh D.; Freedman, Roger A. |
||
| 250 | _a9th ed. | ||
| 260 |
_aMassachusetts : _bAddison-Wesley Publishing Company, Inc., _cc1996. |
||
| 300 |
_axix, 1484 p. _bill. ; _c25 cm. |
||
| 521 | _aCollege Students | ||
| 526 | _c1210L-1700L | ||
| 541 | _j1 | ||
| 562 | _e1 | ||
| 942 |
_2lcc _cBK _kM |
||
| 999 |
_c16683 _d16683 |
||